000 00908pam a22002534a 4500
008
020 _a1856693821 (pbk.)
090 _aNA2705
_bWES
100 1 _aWeston, Richard.
245 1 0 _aPlans, sections and elevations :
_bkey buildings of the twentieth century /
_cRichard Weston.
260 _aLondon :
_bLaurence King,
_c2004.
300 _a233 p. :
_bill. (some col.) ;
_c29 cm +
_e1 CD-ROM (4 3/4 in.)
500 _aIncludes index.
504 _aIncludes bibliographical references.
500 _aCD-ROM supplement to this volume shelved separately.
650 0 _aArchitectural drawing
_y20th century
_xComputer-aided design.
650 0 _aBuildings
_xHistory
_y20th century
_vDesigns and plans.
907 _a.b10188228
_b09-10-12
_c30-01-06
003
005 20250403122646.0
040 _cNUST
049 _aMAIN
942 _cBOOKS
_kNA2705
_mWES
_01
999 _c161073
_d161073